| 000 | 00449nam a2200157 4500 | ||
|---|---|---|---|
| 001 | 132030 | ||
| 003 | ES-MaACL | ||
| 005 | 20230906194106.0 | ||
| 007 | t| | ||
| 008 | 070214s1956 sp r ||||1| cat d | ||
| 100 | 1 |
_aRoig y Llop, Tomás. _999027 |
|
| 245 | 1 | 0 |
_aGirona, arca de somnis _b: records d'infantesa / _cTomás Roig y Llop. |
| 260 |
_aBarcelona : _bBarcino, _c1956. |
||
| 300 |
_a61 p. ; _c19 cm. |
||
| 852 |
_aES-MaACL _jC-13378 _bR.39716 |
||
| 999 |
_c132030 _d132030 |
||